000 00285nam a22001217a 4500
008 180130b xxu||||| |||| 00| 0 eng d
041 _aeng
080 _a617
100 _a8
101 _aOFT
245 _aOphthalmic plastic and reconstructive surgery
_cStewart,W.B
942 _2udc
_cBK
999 _c41297
_d41297